| 000 | 00507nam a2200157 a 4500 | ||
|---|---|---|---|
| 001 | 000028761 | ||
| 005 | 20200930055124.0 | ||
| 008 | 110412s2002 dr 000 0 spa d | ||
| 040 |
_aDO-SdBNP _bspa _cBNPHU |
||
| 082 |
_axxx _bH557u |
||
| 100 | 1 |
_aHernández, P. Jesús _95465 |
|
| 245 | 1 | 3 |
_aLa Universidad Católica Santo Domingo : _bidentidad y misión / _cP. Jesús Hernández. |
| 260 |
_aSanto Domingo : _bUniversidad Católica Santo Domingo (UCSD), _c2002. |
||
| 300 |
_a37 P. ; _c23 cm. |
||
| 049 | _aBNPD | ||
| 999 |
_c28253 _d28253 |
||